| 000 | 00481nam a2200181Ia 4500 | ||
|---|---|---|---|
| 003 | GCL | ||
| 008 | 140319s9999 xx 000 0 eng d | ||
| 040 |
_aGCL / _cGCL |
||
| 082 | 0 | 4 |
_a956.1 _bR T |
| 100 | 1 | _aROBINS, PHILIP | |
| 245 | 1 | 0 |
_aTURKEY AND THE MIDDLE EAST / _cROBINS, PHILIP |
| 260 |
_a[S.N] : _bROXAL INSTITUTE OF INTERNATIONAL AFFAIRS ، _c1991 |
||
| 300 | _a130 P | ||
| 650 | 0 | 4 | _aTURKEY |
| 650 | 0 | 4 | _aMIDDLE EAST |
| 650 | 0 | 4 | _aDOMESTIC STABILITY |
| 942 |
_2ddc _cBK |
||
| 999 |
_c23694 _d23694 |
||